000 01293cam a22003378i 4500
001 22031817
005 20240709150359.0
008 210511s2021 mdu b 001 0 eng
010 _a 2021020676
020 _a9781538150917
020 _z9781538150924
040 _aIEN/DLC
_beng
_erda
_cDLC
042 _apcc
043 _af-rh---
050 0 0 _aP96.S632
_bZ556 2021
082 0 4 _a302.23096891
_223
100 1 _aMakombe, Rodwell,
_eauthor.
245 1 0 _aCultural texts of resistance in Zimbabwe :
_bmusic, memes, and media /
_cRodwell Makombe.
263 _a2109
300 _aix, 214 p.
504 _aIncludes bibliographical references and index.
520 _a"This book uses critical textual analysis and postcolonial theory to analyze cultural texts of resistance in contemporary Zimbabwe"--
650 0 _aMass media
_xPolitical aspects
_zZimbabwe.
650 0 _aSocial conflict in mass media.
650 0 _aProtest movements in mass media.
650 0 _aGovernment, Resistance to
_zZimbabwe.
776 0 8 _iOnline version:
_aMakombe, Rodwell.
_tCultural texts of resistance in Zimbabwe
_dLanham : Rowman and Littlefield, 2021
_z9781538150924
_w(DLC) 2021020677
906 _a7
_bcbc
_corignew
_d1
_eecip
_f20
_gy-gencatlg
942 _2lcc
_cBOOKS
999 _c32061
_d32061